[Event "London Classic op 6th"]
[Site "London"]
[Date "2014.12.14"]
[Round "9"]
[White "Gschwendtner, Stanislav"]
[Black "Rygg, Snorre"]
[Result "0-1"]
[WhiteElo "1998"]
[BlackElo "1865"]
[PlyCount "74"]
[EventDate "2014.12.08"]
[EventType "swiss"]
[EventRounds "9"]
[EventCountry "ENG"]
[SourceTitle "CBM 163 Extra"]
[Source "ChessBase"]
[SourceDate "2014.12.23"]
[SourceVersion "1"]
[SourceVersionDate "2014.12.23"]
[SourceQuality "1"]

1. c4 g6 2. Nc3 Bg7 3. e4 d6 4. d4 Nf6 5. f4 0-0 6. Nf3 Na6 7. e5 Ng4 8. h3 Nh6 9. g4 f6 10. exf6 exf6 11. Be2 Re8 12. 0-0 b6 13. a3 c5 14. d5 f5 15. Ng5 Bd4+ 16. Kg2 Nc7 17. Nb5 Nxb5 18. cxb5 Bd7 19. Ra2 Qc8 20. Rh1 Qb7 21. Bf3 Bxb5 22. b3 Re7 23. Ne6 Bh8 24. g5 Nf7 25. h4 Nd8 26. h5 Nxe6 27. dxe6 Bc6 28. hxg6 Bxf3+ 29. Qxf3 Qxf3+ 30. Kxf3 hxg6 31. Rah2 Bg7 32. Rh7 d5 33. Bb2 d4 34. b4 Rxe6 35. bxc5 bxc5 36. Rxg7+ Kxg7 37. Rc1 Rae8 0-1

[Event "London Classic op 6th"]
[Site "London"]
[Date "2014.12.13"]
[Round "7"]
[White "Millward, Kevin P"]
[Black "Rygg, Snorre"]
[Result "1/2-1/2"]
[WhiteElo "2010"]
[BlackElo "1865"]
[PlyCount "93"]
[EventDate "2014.12.08"]
[EventType "swiss"]
[EventRounds "9"]
[EventCountry "ENG"]
[SourceTitle "CBM 163 Extra"]
[Source "ChessBase"]
[SourceDate "2014.12.23"]
[SourceVersion "1"]
[SourceVersionDate "2014.12.23"]
[SourceQuality "1"]

1. e4 c5 2. Nc3 d6 3. g3 Nc6 4. Bg2 e6 5. d3 Nf6 6. Nge2 Be7 7. 0-0 Bd7 8. Be3 0-0 9. h3 d5 10. exd5 exd5 11. Bg5 d4 12. Bxf6 Bxf6 13. Ne4 Be7 14. Kh2 f5 15. Nd2 Bd6 16. f4 Re8 17. Nc4 Bc7 18. a4 Qf6 19. Qd2 Re7 20. Rae1 Rae8 21. Ng1 b6 22. Nf3 a6 23. Rxe7 Rxe7 24. Re1 b5 25. axb5 axb5 26. Rxe7 Qxe7 27. Na3 Nd8 28. Kg1 Nf7 29. h4 h6 30. Kf2 g5 31. hxg5 hxg5 32. Nb1 gxf4 33. gxf4 Qd6 34. c3 dxc3 35. Nxc3 b4 36. Ne2 Bb5 37. d4 Bb6 38. dxc5 Qxc5+ 39. Ned4 Bc6 40. Kg3 Nd6 41. Kh2 Bxf3 42. Nxf3 Ne4 43. Qd7 Qf2 44. Qe8+ Kg7 45. Qe7+ Kg8 46. Qe8+ Kg7 47. Qe7+ 1/2-1/2

[Event "Fagernes Norsk op-B"]
[Site "Fagernes"]
[Date "2014.04.13"]
[Round "8"]
[White "Rygg, Snorre"]
[Black "Snerthammer, Daniel"]
[Result "1/2-1/2"]
[WhiteElo "1821"]
[BlackElo "1913"]
[PlyCount "42"]
[EventDate "2014.04.13"]
[EventType "swiss"]
[EventRounds "9"]
[EventCountry "NOR"]
[SourceTitle "EXT 2016"]
[Source "ChessBase"]
[SourceDate "2015.10.08"]
[SourceVersion "1"]
[SourceVersionDate "2015.10.08"]
[SourceQuality "1"]

1. c4 e5 2. Nc3 Nf6 3. g3 d5 4. cxd5 Nxd5 5. Bg2 Be6 6. Nf3 Nc6 7. 0-0 f6 8. d4 Nxc3 9. bxc3 Be7 10. Qa4 0-0 11. e4 Bf7 12. Rb1 Qc8 13. d5 Nd8 14. Ba3 Bxa3 15. Qxa3 b6 16. c4 Nb7 17. Nd2 Bg6 18. Qe3 Qd7 19. Nb3 Qa4 20. Qe2 Rae8 21. Rbc1 Qb4 1/2-1/2

[Event "Gibraltar Masters 12th"]
[Site "Caleta"]
[Date "2014.02.05"]
[Round "9"]
[White "Heer, Stephan"]
[Black "Rygg, Snorre"]
[Result "1-0"]
[WhiteElo "2106"]
[BlackElo "1840"]
[PlyCount "83"]
[EventDate "2014.01.28"]
[EventType "swiss"]
[EventRounds "10"]
[EventCountry "GGB"]
[SourceTitle "CBM 159"]
[Source "ChessBase"]
[SourceDate "2014.03.17"]
[SourceVersion "1"]
[SourceVersionDate "2014.03.17"]
[SourceQuality "1"]

1. e4 c5 2. Nf3 d6 3. g3 g6 4. Bg2 Bg7 5. d3 Nc6 6. 0-0 e5 7. c3 Nge7 8. a3 0-0 9. b4 b6 10. b5 Na5 11. c4 a6 12. a4 axb5 13. axb5 Bd7 14. Bb2 Qc7 15. Nc3 Nb7 16. Qe2 Ra5 17. Rae1 Nd8 18. Nd2 Ne6 19. Nb3 Nd4 20. Qd1 Ra7 21. h3 Bc8 22. Kh2 Bb7 23. Bc1 f6 24. h4 h6 25. f4 Bc8 26. Rf2 Be6 27. Nd5 Nxd5 28. exd5 Bf5 29. Nxd4 exd4 30. Be4 Bxe4 31. Rxe4 Ra1 32. Re6 Rfa8 33. Qe1 Qd7 34. f5 gxf5 35. Qd2 Kf7 36. Rfe2 Rb1 37. Qf4 Raa1 38. Qxf5 Rxc1 39. Rxf6+ Kg8 40. Qxd7 Rh1+ 41. Kg2 Rag1+ 42. Kf3 1-0

[Event "Wch U18"]
[Site "Al Ain"]
[Date "2013.12.21"]
[Round "4"]
[White "Rygg, Snorre"]
[Black "El Jawich, Amro"]
[Result "0-1"]
[WhiteElo "1838"]
[BlackElo "2156"]
[PlyCount "66"]
[EventDate "2013.12.18"]
[EventType "swiss"]
[EventRounds "11"]
[EventCountry "UAE"]
[SourceTitle "CBM 158 Extra"]
[Source "ChessBase"]
[SourceDate "2014.02.28"]
[SourceVersion "1"]
[SourceVersionDate "2014.02.28"]
[SourceQuality "1"]

1. d4 Nf6 2. Nf3 g6 3. Bf4 Bg7 4. c4 c5 5. Nc3 0-0 6. e4 cxd4 7. Nxd4 d6 8. Nc2 b6 9. Be2 Bb7 10. f3 Nbd7 11. Qd2 Rc8 12. 0-0 a6 13. Rac1 Qc7 14. Bh6 Bxh6 15. Qxh6 Ne5 16. b3 b5 17. Nd5 Bxd5 18. cxd5 Qa5 19. a3 Rc7 20. Qe3 Rc3 21. Qd2 Qb6+ 22. Kh1 Rxb3 23. a4 bxa4 24. Nd4 Rb2 25. Qd1 a3 26. Nc6 Nxc6 27. Rxc6 Qe3 28. Bxa6 a2 29. Rc1 Nh5 30. Bc4 Nf4 31. g3 Nh3 32. Qe1 Nf2+ 33. Kg2 Ng4+ 0-1

[Event "Tromsoe NGP op"]
[Site "Tromsoe"]
[Date "2013.11.22"]
[Round "2"]
[White "Rygg, Snorre"]
[Black "Esbensen, Hans Fredrik"]
[Result "1-0"]
[WhiteElo "1844"]
[BlackElo "1727"]
[PlyCount "43"]
[EventDate "2013.11.22"]
[EventType "swiss"]
[EventRounds "5"]
[EventCountry "NOR"]
[SourceTitle "CBM 157 Extra"]
[Source "ChessBase"]
[SourceDate "2013.12.19"]
[SourceVersion "1"]
[SourceVersionDate "2013.12.19"]
[SourceQuality "1"]

1. Nf3 g6 2. d4 d5 3. c4 c6 4. e3 Bg7 5. Nc3 Nf6 6. Be2 0-0 7. 0-0 Nbd7 8. Bd2 Re8 9. cxd5 cxd5 10. Rc1 Nb6 11. Nb5 Nc4 12. Bxc4 a6 13. Nc7 Qxc7 14. Bb5 Qd8 15. Bxe8 Qxe8 16. Qb3 Bg4 17. Ne5 Ne4 18. Bc3 Bxe5 19. f3 Bxh2+ 20. Kxh2 Qb8+ 21. Kg1 Qg3 22. Be1 1-0

[Event "Bergen op"]
[Site "Bergen"]
[Date "2012.11.23"]
[Round "4"]
[White "Merkesvik, Sondre"]
[Black "Rygg, Snorre"]
[Result "1/2-1/2"]
[WhiteElo "1905"]
[BlackElo "1683"]
[PlyCount "38"]
[EventDate "2012.11.23"]
[EventType "swiss"]
[EventRounds "5"]
[EventCountry "NOR"]
[SourceTitle "CBM 151 Extra"]
[Source "ChessBase"]
[SourceDate "2012.12.18"]
[SourceVersion "1"]
[SourceVersionDate "2012.12.18"]
[SourceQuality "1"]

1. e4 e5 2. Nf3 Nc6 3. Bc4 Bc5 4. 0-0 Nf6 5. d4 Bxd4 6. Nxd4 exd4 7. e5 Ng8 8. Qh5 Qe7 9. Bg5 g6 10. Qf3 Nxe5 11. Qe4 Qxg5 12. f4 Qf5 13. Bxf7+ Kd8 14. Qxf5 gxf5 15. fxe5 Nh6 16. Bh5 b6 17. Nd2 Ba6 18. Rf4 Ke7 19. Rxd4 Rhg8 1/2-1/2

[Event "Bergen op"]
[Site "Bergen"]
[Date "2012.11.23"]
[Round "3"]
[White "Rygg, Snorre"]
[Black "Rasmussen, Jonas H"]
[Result "1-0"]
[WhiteElo "1683"]
[BlackElo "1625"]
[PlyCount "60"]
[EventDate "2012.11.23"]
[EventType "swiss"]
[EventRounds "5"]
[EventCountry "NOR"]
[SourceTitle "CBM 151 Extra"]
[Source "ChessBase"]
[SourceDate "2012.12.18"]
[SourceVersion "1"]
[SourceVersionDate "2012.12.18"]
[SourceQuality "1"]

1. c4 e5 2. g3 Nf6 3. Bg2 Bc5 4. Nc3 0-0 5. d3 Nc6 6. Nf3 Re8 7. 0-0 h6 8. a3 a5 9. Bd2 d6 10. Rb1 Bd7 11. e4 Nd4 12. Nxd4 Bxd4 13. Qe1 c6 14. Be3 Bxe3 15. Qxe3 b5 16. cxb5 cxb5 17. d4 Rb8 18. dxe5 dxe5 19. Rfd1 Qc8 20. Rbc1 Qa6 21. Bf1 Qb7 22. b4 axb4 23. axb4 Bc6 24. f3 Red8 25. Qc5 Nd7 26. Qd6 Qb6+ 27. Kg2 Nf6 28. Qxe5 Rxd1 29. Rxd1 Nd7 30. Qd6 Rc8 1-0

[Event "Arco op 34th"]
[Site "Arco"]
[Date "2012.10.17"]
[Round "5"]
[White "Rygg, Snorre"]
[Black "Prelati, Maurizio"]
[Result "1-0"]
[WhiteElo "1788"]
[BlackElo "1976"]
[PlyCount "33"]
[EventDate "2012.10.13"]
[EventType "swiss"]
[EventRounds "9"]
[EventCountry "ITA"]
[SourceTitle "EXT 2013"]
[Source "ChessBase"]
[SourceDate "2012.11.22"]
[SourceVersion "1"]
[SourceVersionDate "2012.11.22"]
[SourceQuality "1"]

1. c4 c5 2. g3 g6 3. Bg2 Bg7 4. Nc3 Nc6 5. Nf3 e5 6. 0-0 Nge7 7. Rb1 0-0 8. d3 d6 9. a3 f5 10. Bd2 a5 11. Nb5 d5 12. cxd5 Nxd5 13. Qb3 e4 14. dxe4 fxe4 15. Ng5 Kh8 16. Bxe4 Nf6 17. Bd3 1-0